| 000 | 00595nam a2200229Ia 4500 | ||
|---|---|---|---|
| 003 | OSt | ||
| 005 | 20220928110130.0 | ||
| 006 | a|||||r|||| 00| 0 | ||
| 007 | ta | ||
| 008 | 220927b |||||||| |||| 00| 0 eng d | ||
| 024 | _a56884 | ||
| 037 | _cTextual | ||
| 040 |
_aSDCL _cSDCL _beng |
||
| 041 |
_2eng _aeng |
||
| 082 | _aY15-49:3217.2'N7, L6 | ||
| 100 |
_aKapur Prmila _9418255 |
||
| 245 | 0 | _aBharat me vivah aur kamkazee mahila | |
| 260 | _aNew Delhi | ||
| 300 |
_a435p _ccm. |
||
| 942 |
_hY15-49:3217.2'N7, L6 _cTEXL _2CC |
||
| 999 |
_c734265 _d734265 |
||